| 000 | 01292cam a2200361 a 4500 | ||
|---|---|---|---|
| 001 | 5932 | ||
| 003 | FISKH | ||
| 005 | 20251216144517.0 | ||
| 008 | 020925s2003 nyub c 000 1 eng | ||
| 010 | _a 2002015792 | ||
| 020 | _a0399236228 | ||
| 020 | _a9780439653053 | ||
| 040 |
_aDLC _cDLC _dDLC _beng |
||
| 042 | _alcac | ||
| 050 | _aPZ7.R5148 B | ||
| 082 | _a813 | ||
| 100 | 1 |
_aRitter, John H _d(1951-) |
|
| 245 | 1 | 4 |
_aThe boy who saved baseball / _cJohn H. Ritter. |
| 250 | _aThis edition first published in 2004 | ||
| 260 |
_aNew York : _bScholastic, _c2003. |
||
| 300 |
_a216 pages : _c22 cm. |
||
| 505 | _aR | ||
| 520 | _aThe fate of a small California town rests on the outcome of one baseball game, and Tom Gallagher hopes to lead his team to victory with the secrets of the now disgraced player, Dante Del Gato. | ||
| 521 | 8 |
_a660
_bLexile |
|
| 521 | 8 |
_aR
_bRaz-Plus |
|
| 650 | 1 |
_aBaseball _vFiction. |
|
| 651 | 1 |
_aCalifornia _vFiction. |
|
| 856 | 4 | 2 |
_3Contributor biographical information _uhttp://www.loc.gov/catdir/enhancements/fy0717/2002015792-b.html |
| 856 | 4 | 2 |
_3Publisher description _uhttp://www.loc.gov/catdir/enhancements/fy0717/2002015792-d.html |
| 906 |
_a7 _bcbc _corignew _d1 _eecip _f20 _gy-gencatlg |
||
| 942 |
_2ddc _cBK _n0 |
||
| 999 |
_c5932 _d5932 |
||